| 000 | 00697nam a2200181Ia 4500 | ||
|---|---|---|---|
| 008 | 151202s9999||||xx |||||||||||||| ||und|| | ||
| 082 | _bPNVM-82139 | ||
| 100 | _aभुर्के श्याम. | ||
| 245 | _aसाहित्य दरबारातील दशरत्ने. | ||
| 260 | _b"स्नेहल प्रकाशन,पुणे." | ||
| 260 | _c2013 | ||
| 300 | _a304 | ||
| 600 | _aभुर्के श्याम. | ||
| 630 | _aसाहित्य दरबारातील दशरत्ने. | ||
| 700 | _aभुर्के श्याम. | ||
| 730 | _aसाहित्य दरबारातील दशरत्ने. | ||
| 942 | _cBOOK | ||
| 999 |
_c1346747 _d1346744 |
||